| 000 | 01042cab a2200289 4500 | ||
|---|---|---|---|
| 001 | ABS58438 | ||
| 008 | 090401t1998 xxu||||| |||| 00| 0 eng d | ||
| 035 | _a(Sirsi) u85227 | ||
| 041 | _aeng | ||
| 100 | _aLewis, M.K. | ||
| 245 | _aBanks and property: preparing for the next cycle | ||
| 260 | _c1998 | ||
| 350 | _a0 | ||
| 490 |
_aValuer and Land Economist _vFebruary 1998, 48-56(9) |
||
| 520 | _aA property research paper which examines lending on commercial property. Covers the peculiarities of the property market, global trends, the property cycle in the UK and Australia, the reasons for banks` property lending, the risks to banks and how to avoid mistakes. Includes graphs. References. Australian article. | ||
| 650 | _aAUSTRALIA | ||
| 650 | _aBANKS | ||
| 650 | _aPROPERTY CYCLES | ||
| 650 | _aPROPERTY LENDING | ||
| 650 | _aPROPERTY MARKET | ||
| 650 | _aRENTAL GROWTH | ||
| 650 | _aRISKS | ||
| 650 | _aUNITED KINGDOM | ||
| 690 | _aPROPERTY-PROPERTY FINANCE AND INVESTMENT | ||
| 942 | _n0 | ||
| 948 | _c26/03/1998 | ||
| 999 |
_c53569 _d53569 |
||